Geography Quiz

Random Geography or City Quiz
Score 0/19 Timer 05:00
0 Plays Today
Number Place % Correct
18Tok
80%
2Big Delta
60%
4Delta Junction
60%
1Alcan Border
40%
9Eagle
40%
10Eagle Village
40%
3Chicken
20%
5Deltana
20%
6Dot Lake
20%
7Dot Lake Village
20%
Number Place % Correct
8Dry Creek
20%
11Fort Greely
20%
12Healy Lake
20%
13Northway
20%
14Northway Junction
20%
15Northway Village
20%
16Tanacross
20%
17Tetlin
20%
19Whitestone
20%
Remove Ads.
Support Sporcle.
Get the best of Sporcle when you Go Orange. This ad-free experience offers more features, more stats, and more fun while also helping to support Sporcle. Thank you for becoming a member.

You're not logged in!

Compare scores with friends on all Sporcle quizzes.
OR
Log In

Sporcle TV

Today on Sporcle TV


Watch our educational content, quiz creation guides, and fun videos on Sporcle TV.

Show Comments

Extras

Top Quizzes Today


Score Distribution

Paid Content

Your Account Isn't Verified!

In order to create a playlist on Sporcle, you need to verify the email address you used during registration. Go to your Sporcle Settings to finish the process.

Report this User

Report this user for behavior that violates our Community Guidelines.

Details: